000
00313nam a2200121Ia 4500
008
241002s9999 xx 000 0 und d
082
_a
808.3 LAM
100
_a
Lambert, J.W
245
0
_a
Saki Selected Form Beasts and Super Beasts &Other Stories
260
_a
London:
_c
1963
600
_a
Literature
942
_c
UC
999
_c
18708
_d
18708